000 01127nam a2200361Ia 4500
001 049827
008 221003m2017 xx 000 0 spa d
035 _aCENDO_39700
041 _aspa
245 0 _a<La> importancia del Primero de Mayo
260 _aZaragoza :
_bComisiones Obreras de Aragón,
_c2017
300 _a1 p. ;
_c 30 cm
500 _aEn: Trabajo Sindical Digital, n. 171 (abril 2017), p. 3
650 0 _aDERECHOS DE LOS TRABAJADORES
_94
650 _aSINDICALISMO
_9189
650 _aMOVIMIENTO OBRERO
_9970
650 _aCONDICIONES DE TRABAJO
_9128
650 _aRELACIONES LABORALES
_954
650 _aCONFERENCIA
_9311
650 0 _aCOMUNIDADES AUTONOMAS
_9344
650 _aARAGON
_92165
650 0 _aACTITUD SINDICAL
_961
710 _aCCOO
_bAragón,
_eed.
_95627
856 _zPDF
_uhttp://docpublicos.ccoo.es/cendoc/049827ImportanciaPrimeroMayo.pdf
901 _a0
903 _aNO
904 _a000
907 _aPrimero de Mayo
953 _d2017-05-10
_yDOCU_ELEC
_hTrabajo Sindical Digital, n. 171 (abril 2017), p. 3
_tPS65
999 _c39699
_d39699
910 _a2017
942 _cDOCU_ELEC